| 000 | 00801cam a2200205 a 4500 | ||
|---|---|---|---|
| 020 | _a0195057295 (alk. paper) | ||
| 040 | _cDLC | ||
| 082 | 0 | 0 | _a330 OXF 1990 A066 Or. |
| 245 | 0 | 0 |
_aFunctional analysis, optimization, and mathematical economics : _ba collection of papers dedicated to the memory of Leonid Vitalʹevich Kantorovich / |
| 260 |
_aNew York : _bOxford University Press, _c1990. |
||
| 300 |
_axiv, 341 p. : _bill., port. ; _c24 cm. |
||
| 650 | 0 | _aEconomics, Mathematical. | |
| 650 | 0 | _aMathematical optimization. | |
| 650 | 0 | _aFunctional analysis. | |
| 700 | 1 | _aKantorovich, L. V. | |
| 700 | 1 | _aLeĭfman, L. I︠A︡. | |
| 856 | 4 | 2 | _uhttp://www.loc.gov/catdir/enhancements/fy0638/89033260-d.html |
| 856 | 4 | 1 | _uhttp://www.loc.gov/catdir/enhancements/fy0638/89033260-t.html |
| 942 | _cEK | ||
| 999 |
_c14156 _d14156 |
||